Evaluating programs for vulnerable children and youth
| Үндсэн зохиолч: | |
|---|---|
| Формат: | Ном |
| Хэвлэсэн: |
[s.l.] :
Banco Mundial,
1996
|
| Нөхцлүүд: |
MARC
| LEADER | 00000nam a2200000Ia 4500 | ||
|---|---|---|---|
| 008 | 170511b1996 s.l||||| |||| 00| | en d | ||
| 999 | |c 1215 |d 1215 | ||
| 090 | |a 01.01.04 |b 461 | ||
| 100 | 1 | |a Harrell, Adele |9 2732 | |
| 245 | 1 | 0 | |a Evaluating programs for vulnerable children and youth |
| 260 | |a [s.l.] : |b Banco Mundial, |c 1996 | ||
| 300 | |a 54 páginas | ||
| 650 | 1 | 4 | |9 969 |a EVALUACIÓN DE PROGRAMAS |
| 650 | 1 | 4 | |9 59 |a NIÑOS |
| 650 | 1 | 4 | |9 60 |a NIÑAS |
| 942 | |i 00811 |h 01.01.04 461 |2 z |c 01 | ||
